000 00712cam a22002419a 4500
003 OSt
005 20140310182439.0
008 090916s2010 nyua 001 0 eng
020 _a9780071271905 (hbk.)
020 _a0071630201 (hbk.)
050 4 _aQM 551
_b.M578 2010
100 1 _aMescher, Anthony.
_97860
245 1 0 _aJunqueira's basic histology :
_btext & atlas /
_cAnthony L. Mescher.
246 3 0 _aBasic histology
250 _a12th ed.
260 _aNew York :
_bMcGraw-Hill Medical,
_cc2010.
300 _a467 p. :
_bcol. ill. ;
_c28 cm.
650 0 _aHistology.
_97861
700 1 _aJunqueira, Luiz Carlos Uchôa,
_d1920-
_97862
942 _2lcc
_cSSLC
999 _c13492
_d13492